|
|
|
|
| LEADER |
00000nam0a2200000 4500 |
| 001 |
71326 |
| 005 |
20231031082527.0 |
| 010 |
|
|
|a 5238008929
|
| 035 |
|
|
|a (RuTPU)RU\TPU\book\75932
|
| 090 |
|
|
|a 71326
|
| 100 |
|
|
|a 20041214d2005 m y0rusy50 ca
|
| 101 |
0 |
|
|a rus
|
| 102 |
|
|
|a RU
|
| 105 |
|
|
|a y j 001zy
|
| 200 |
1 |
|
|a Конфликтология
|e учебник для студентов вузов
|f под ред. В. П. Ратников
|
| 205 |
|
|
|a 2-е изд., перераб. и доп.
|
| 210 |
|
|
|a Москва
|c ЮНИТИ-ДАНА
|d 2005
|
| 215 |
|
|
|a 511 с.
|
| 320 |
|
|
|a Библиогр.: с. 496-499.
|
| 320 |
|
|
|a Словарь терминов: с. 500-508.
|
| 330 |
|
|
|a В учебнике, подготовленном в соответствии с требованиями Государственного образовательного стандарта высшего профессионального образования, рассмотрены фундаментальные проблемы современной конфликтологии и ее истории. В четкой и доступной форме излагается широкий круг вопросов, касающихся становления конфликтологии как науки и ее предмета, общей теории конфликта, различных видов конфликтов и способов их профилактики и разрешения. В новое издание включены дополнительные разделы, касающиеся мотивации конфликтности, взаимосвязи конфликтов и стрессовых состояний, социального партнерства как фактора экономического развития и разрешения конфликтов и др. Учебник содержит практические задания к каждой теме, которые способствуют более глубокому и эффективному усвоению дисциплины. Для студентов, обучающихся по специальностям экономики и управления (060000) и гуманитарно-социальным специальностям (020000), аспирантов, преподавателей вузов, а также всех, интересующихся проблемами теории конфликта и способами их профилактики и разрешения.
|
| 451 |
|
1 |
|0 (RuTPU)RU\TPU\book\180563
|y 978-5-238-00970-4
|t Конфликтология
|o учебник для студентов вузов
|f под ред. В. П. Ратников
|e 2-е изд., перераб. и доп.
|c М.
|n ЮНИТИ-ДАНА
|d 2009
|p 511 с.
|
| 610 |
1 |
|
|a психология
|
| 610 |
1 |
|
|a конфликты
|
| 610 |
1 |
|
|a конфликтология
|
| 610 |
1 |
|
|a теория
|
| 610 |
1 |
|
|a исследования
|
| 610 |
1 |
|
|a типология
|
| 610 |
1 |
|
|a причины
|
| 610 |
1 |
|
|a динамика
|
| 610 |
1 |
|
|a внутриличностные конфликты
|
| 610 |
1 |
|
|a предупреждение
|
| 610 |
1 |
|
|a стрессы
|
| 610 |
1 |
|
|a межличностные конфликты
|
| 610 |
1 |
|
|a трудовые конфликты
|
| 610 |
1 |
|
|a межгрупповые конфликты
|
| 610 |
1 |
|
|a переговоры
|
| 610 |
1 |
|
|a учебники
|
| 686 |
|
|
|a Ю953я73
|v LBC/SL-A
|2 rubbk
|
| 702 |
|
1 |
|a Ратников
|b В. П.
|g Валентин Петрович
|4 340
|
| 801 |
|
1 |
|a RU
|b 63413507
|c 20041214
|g PSBO
|
| 801 |
|
2 |
|a RU
|b 63413507
|c 20170428
|g PSBO
|
| 900 |
|
|
|a Конфликтология
|
| 942 |
|
|
|c BK
|
| 952 |
|
|
|b 080000
|b 030000
|
| 959 |
|
|
|a 18/20060226
|d 2
|e 255,53
|f НФ:1
|f АНЛ:1
|